Métodos de fabricación (Record no. 101245)

MARC details
000 -LEADER
campo de control de longitud fija 00607nam a2200157 i 4500
001 - NÚMERO DE CONTROL
campo de control 101245
003 - IDENTIFICADOR DE NÚMERO DE CONTROL
campo de control ES-MaACL
005 - FECHA Y HORA DE LA ÚLTIMA TRANSACCIÓN
campo de control 20230906182844.0
007 - CAMPO FIJO DE DESCRIPCIÓN FÍSICA--INFORMACIÓN GENERAL
campo de control de longitud fija t|
008 - DATOS DE LONGITUD FIJA--INFORMACIÓN GENERAL
campo de control de longitud fija 051014s1947 sp ||||1| spa d
100 1# - ENTRADA PRINCIPAL--NOMBRE DE PERSONA
Nombre de persona Maynard, Harold Bright.
9 (RLIN) 79384
245 10 - MENCIÓN DEL TÍTULO
Título Métodos de fabricación
Resto del título : métodos eficaces por medio de los diagramas del proceso... /
Mención de responsabilidad, etc. traducido por el personal de M.E.C. de España y preparado por Harold B. Maynard y el personal de Methods Engineering Council.
260 ## - PUBLICACIÓN, DISTRIBUCIÓN, ETC.
Lugar de publicación, distribución, etc. Madrid :
Nombre del editor, distribuidor, etc. M.E.C.,
Fecha de publicación, distribución, etc. 1947.
300 ## - DESCRIPCIÓN FÍSICA
Extensión 28 p. :
Otras características físicas il. ;
Dimensiones 23 cm.
852 ## - LOCALIZACIÓN
Ubicación ES-MaACL
Número de control de estantería 2019-F-13
Sublocalización o colección R.45830
Holdings
Estatus retirado Estado de pérdida Estado de daño No para préstamo Colección Biblioteca de origen Biblioteca actual Ubicación en estantería Fecha de adquisición Fuente de adquisición Total de préstamos Signatura topográfica completa Código de barras Visto por última vez Precio de reemplazo Tipo de ítem Koha
        Colección de folletos Biblioteca del Ateneo de Madrid Biblioteca del Ateneo de Madrid Depósito folletos 17/01/2008     2019-F-13 1105703 23/02/2023 23/02/2023 Folleto